header

Empirical labor economics (Record no. 3849)

MARC details
000 -LEADER
fixed length control field 01251nam a2200325Ia 4500
082 04 - DEWEY DECIMAL CLASSIFICATION NUMBER
Classification number 331
100 1# - MAIN ENTRY--AUTHOR NAME
Personal name Devine, Theresa J.
245 10 - TITLE STATEMENT
Title Empirical labor economics
260 ## - PUBLICATION, DISTRIBUTION, ETC. (IMPRINT)
Place of publication New York :
Name of publisher Oxford University Press,
Year of publication 1991.
300 ## - PHYSICAL DESCRIPTION
Number of Pages x, 343 p. :
Other physical details ill.
650 #0 - SUBJECT ADDED ENTRY--TOPICAL TERM
Topical Term Labor economics.
Topical Term Economics.
700 1# - ADDED ENTRY--PERSONAL NAME
Personal name Kiefer, Nicholas M.,
856 40 - ELECTRONIC LOCATION AND ACCESS
Uniform Resource Identifier http://site.ebrary.com/lib/rucke/Doc?id=10279286

No items available.

© 2026 Rongo University
Contact us: librarian | system librarian | Rongo university